| 000 | 00813nam a22002177a 4500 | ||
|---|---|---|---|
| 999 |
_c65527 _d65527 |
||
| 005 | 20240530110829.0 | ||
| 008 | 190903s2005 le g d 000 0 ara d | ||
| 017 | _a1855164388 | ||
| 040 |
_aEG-CaGPL _cEG-CaGPL |
||
| 082 | 0 | 4 |
_221 _a247.9/ _bف أ |
| 100 | 0 | _aفاروق ميثا | |
| 245 | 1 | 0 |
_aالغزالى والاسماعيليون : _bالعقل والسلطة فى اسلام العصر الوسيط / _cفاروق ميثا |
| 260 |
_aبيروت : _bدار الساقى، _c2005. |
||
| 300 |
_a151 ص ؛ _c24 سم. |
||
| 650 | 0 | 7 |
_2qrmak _aالاسلام _xنظريات سياسية |
| 650 | 0 | 7 |
_2qrmak _aالسلام _xالنظام السياسى فى |
| 650 | 0 | 7 |
_2qrmak _aالسلام _xنظام الحكم فى |
| 651 | _2qrmak | ||
| 942 |
_2ddc _cBK |
||